|
|
|
|
| LEADER |
00000nam a22000007a 4500 |
| 005 |
2021082303083.0 |
| 007 |
cu|||| ||| |
| 008 |
210823s2019 es |||||s|||| 00||0 spa d |
| 020 |
|
|
|a 978-84-9123-829-4
|
| 035 |
|
|
|a 33572
|
| 040 |
|
|
|a vLex
|
| 090 |
|
|
|c 12110
|d 12110
|
| 100 |
1 |
|
|a Martn̕ Osante, Luis Carlos
|
| 245 |
1 |
0 |
|a Navegacin̤ de recreo y puertos deportivos
|h [Recurso electrn̤ico] :
|b Nuevos desafo̕s de su rǧimen jurd̕ico /
|c Luis Carlos Martn̕ Osante
|
| 256 |
|
|
|a Servicio en ln̕ea
|
| 260 |
|
|
|a Madrid:
|b Marcial Pons,
|c 2019
|
| 300 |
|
|
|a 1 recurso electrn̤ico
|
| 506 |
1 |
|
|a Disponible solo en los productos indicados
|d vLex Global
|d vLex Global (Academic Edition, excluding Law Schools)
|d vLex Global (U.S. Academic Edition, Law Schools)
|d vLex Global (U.S. Academic Edition, excluding Law Schools)
|d vLex Global (Academic Edition, Law Schools)
|
| 650 |
0 |
4 |
|a Turismo
|z Espaą
|
| 650 |
0 |
4 |
|a Costas
|z Espaą
|
| 740 |
0 |
|
|a vLex Libros (Servicio en ln̕ea)
|
| 856 |
4 |
0 |
|u https://app.vlex.com/#/sources/33572
|z Acceso restringido
|
| 942 |
|
|
|c BOOK
|
| 999 |
0 |
|
|a Tourism
|
| 999 |
0 |
|
|a Coasts
|